[Event "USA tt"]
[Site "ICC INT"]
[Date "2015.08.25"]
[Round "1"]
[White "Winer, Steven"]
[Black "Minear, Peter"]
[Result "1-0"]
[WhiteElo "2355"]
[BlackElo "2210"]
[PlyCount "61"]
[EventDate "2015.08.25"]
[EventType "team-swiss"]
[EventRounds "10"]
[EventCountry "USA"]
[SourceTitle "EXT 2016"]
[Source "ChessBase"]
[SourceDate "2015.10.08"]
[SourceVersion "1"]
[SourceVersionDate "2015.10.08"]
[SourceQuality "1"]
[WhiteTeam "New England"]
[BlackTeam "Philadelphia"]
[WhiteTeamCountry "USA"]
[BlackTeamCountry "USA"]

1. e4 e5 2. Nf3 Nc6 3. Bc4 Bc5 4. c3 Nf6 5. d3 a6 6. Bb3 Ba7 7. 0-0 d6 8. Re1 h6 9. Nbd2 0-0 10. h3 Ne7 11. Nf1 Ng6 12. Ng3 c6 13. d4 Re8 14. Bc2 Qc7 15. Be3 Be6 16. Nd2 Rad8 17. dxe5 Bxe3 18. exf6 Ba7 19. Nh5 Qb6 20. Re3 Qxb2 21. Rg3 Bxa2 22. Rxa2 Qxa2 23. Rxg6 Qb2 24. Rxg7+ Kh8 25. Qg4 Rg8 26. Qf4 Rxg7 27. fxg7+ Kh7 28. Qf5+ Kg8 29. e5 Bxf2+ 30. Kxf2 Qb6+ 31. Kf3 1-0

[Event "USA tt"]
[Site "ICC INT"]
[Date "2013.08.27"]
[Round "1"]
[White "Salimbagat, Rico"]
[Black "Minear, Peter"]
[Result "1/2-1/2"]
[WhiteElo "2243"]
[BlackElo "2230"]
[PlyCount "111"]
[EventDate "2013.08.27"]
[EventType "team-tourn"]
[EventRounds "10"]
[EventCountry "USA"]
[SourceTitle "CBM 156 Extra"]
[Source "ChessBase"]
[SourceDate "2013.10.22"]
[SourceVersion "1"]
[SourceVersionDate "2013.10.22"]
[SourceQuality "1"]
[WhiteTeam "Manhattan"]
[BlackTeam "Philadelphia"]
[WhiteTeamCountry "USA"]
[BlackTeamCountry "USA"]

1. e4 e5 2. Nc3 Nf6 3. f4 d5 4. fxe5 Nxe4 5. Nf3 Bc5 6. d4 Bb4 7. Bd2 Bg4 8. Nxe4 dxe4 9. Bxb4 exf3 10. Qd3 Nc6 11. Bc3 Qh4+ 12. g3 Qg5 13. h3 Bh5 14. Kf2 0-0-0 15. h4 Qh6 16. Bd2 Qe6 17. Bh3 Bg4 18. d5 Rxd5 19. Bxg4 Qxg4 20. Qxd5 Rd8 21. Qxd8+ Nxd8 22. Bc3 Ne6 23. Rad1 b5 24. a3 c5 25. b4 Nf4 26. Be1 Nh3+ 27. Ke3 Qf5 28. Rd2 f2 29. Bxf2 Qxe5+ 30. Kf3 Qc3+ 31. Be3 Qf6+ 32. Kg2 Qc6+ 33. Kh2 f5 34. Bxc5 f4 35. Rf1 Qe6 36. gxf4 Qg4 37. Bd6 Qxh4 38. Kg2 Qg4+ 39. Kh2 Qh4 40. Kg2 Qg4+ 41. Kh2 g5 42. f5 Nf4 43. Bxf4 gxf4 44. Rdf2 Qg3+ 45. Kh1 Qh3+ 46. Kg1 Qxf5 47. Rxf4 Qg5+ 48. Kh2 Qh5+ 49. Kg3 Qg6+ 50. Kh4 Qh6+ 51. Kg3 Qg6+ 52. Kh3 Qh6+ 53. Kg3 Qg6+ 54. Kh3 Qh6+ 55. Kg3 Qg6+ 56. Kh3 1/2-1/2

[Event "USA tt"]
[Site "ICC INT"]
[Date "2012.09.24"]
[Round "4"]
[White "Abrahamyan, Tatev"]
[Black "Minear, Peter"]
[Result "1-0"]
[WhiteElo "2303"]
[BlackElo "2221"]
[PlyCount "137"]
[EventDate "2012.09.04"]
[EventType "team-tourn"]
[EventRounds "10"]
[EventCountry "USA"]
[SourceTitle "CBM 150 Extra"]
[Source "ChessBase"]
[SourceDate "2012.10.19"]
[SourceVersion "1"]
[SourceVersionDate "2012.10.19"]
[SourceQuality "1"]
[WhiteTeam "Los Angeles"]
[BlackTeam "Philadelphia"]
[WhiteTeamCountry "USA"]
[BlackTeamCountry "USA"]

1. e4 e5 2. Nf3 Nc6 3. Bc4 Nf6 4. Ng5 d5 5. exd5 Na5 6. Bb5+ c6 7. dxc6 bxc6 8. Bd3 h6 9. Ne4 Nd5 10. 0-0 Be7 11. Ng3 g6 12. Be4 f5 13. Bf3 0-0 14. d3 Kh7 15. Nc3 Be6 16. Bd2 Bf6 17. Re1 Rb8 18. Na4 Bf7 19. a3 Nb7 20. Qc1 h5 21. Rb1 h4 22. Nf1 Rg8 23. b4 g5 24. h3 Qd7 25. c4 Nc7 26. Bc3 Rbe8 27. Ne3 Bg6 28. Qb2 Ne6 29. b5 c5 30. Nd5 Bg7 31. Bxe5 Nd4 32. Bxd4 cxd4 33. Qd2 Qd8 34. c5 Bh6 35. Qa2 g4 36. hxg4 fxg4 37. Rxe8 Rxe8 38. Bxg4 Bxd3 39. Rd1 Be4 40. Ndc3 Bg6 41. c6 Qg5 42. Bd7 h3 43. Bxh3 dxc3 44. Nxc3 Nc5 45. c7 Qe5 46. Qc4 Qxc7 47. Rd7+ Qxd7 48. Bxd7 Re1+ 49. Kh2 Nxd7 50. Nd5 Bf5 51. Qc7 Bg7 52. Qxa7 Be5+ 53. f4 Bg7 54. b6 Bd4 55. Qc7 Rd1 56. Ne7 Bxb6 57. Qc4 Bg1+ 58. Kg3 Rd3+ 59. Kh4 Bf2+ 60. Kg5 Rg3+ 61. Kxf5 Rg7 62. Nd5 Bh4 63. Qc2 Kh8 64. a4 Rf7+ 65. Kg4 Be1 66. Qb1 Bd2 67. Qb2+ Rg7+ 68. Kh5 Ba5 69. Kh6 1-0